Statistics for All You Had To Do Was Stay lyrics

Click here to take the quiz!

General Stats

  • This quiz has been taken 136 times
  • The average score is 391 of 424

Answer Stats

Lyrics% Correct
all
100%
All
100%
do
100%
had
100%
Had
100%
I
100%
Stay
100%
stay
100%
to
100%
was
100%
was-
100%
you
100%
You
100%
you,
100%
hand
98%
in?
98%
in
98%
of
98%
palm
98%
the
98%
The
98%
your
98%
And
97%
and
97%
me
97%
go
95%
it
94%
now
94%
now,
94%
when
94%
let
92%
Let
92%
lock
92%
say
92%
Then
90%
want
90%
too
89%
back
87%
but
87%
But
87%
it's
87%
out
87%
have
86%
is
86%
like
86%
late
84%
love
84%
that
84%
always
83%
been
83%
Hey,
83%
know
83%
what
83%
why'd
83%
away
81%
could've
81%
just
81%
they
81%
easy
79%
gave
79%
Oh,
79%
People
79%
people
79%
this
79%
were
79%
are
78%
Not
78%
not
78%
believe
76%
wanted
76%
you've
76%
don't
75%
her
75%
up
75%
up,
75%
Well,
75%
changed
71%
forever
71%
goodbye
71%
made
71%
mess
71%
gone
68%
less
68%
more
68%
think
68%
us
68%
aside
67%
calling
67%
Here
67%
off
67%
pieces
67%
pushed
67%
wanna
67%
about
65%
picking
65%
I've
63%
road
63%
drove
62%
ended
59%
remind
57%

Score Distribution

Percentile by Number Answered

Percent of People with Each Score

Your Score History

You have not taken this quiz